000 00537nam a2200181Ia 4500
008 151018s9999 xx 000 0 und d
082 _bRBASDV33522
_a891.463
100 _aअविनाश भट्ट
245 _aट्रँप
250 _b1
260 _b"प्राजक्त प्रकाशन, पुणे "
_c2001
300 _a144
600 _aअविनाश भट्ट
630 _aट्रँप
700 _aअविनाश भट्ट
730 _aट्रँप
942 _cBOOK
999 _c1033032
_d1033029